000 00643nam a2200217Ii 4500
003 JO-AjNU
008 230606s9999||||xx |||||||||||||| ||und||
020 _a1-292-33152-6/978-1-292-33152-2
040 _aJO-AjNU
_beng
_erda
_cJO-AjNU
041 _aeng
050 1 4 _aLB1051.W74 2021
100 3 _aWoolfolk,Anita,
_eauthor
_96224
245 0 0 _aEducational Psychology
250 _a14th ed
264 3 1 _aHarlow:Pearson,2021
300 _a661p
_bIncludes bibliographical references
336 _atext
_btxt
_2rdacontent
337 _aunmediated
_bn
_2rdamedia
338 _avolume
_bnc
_2rdacarrier
650 4 _aEducational Psychology
_96225
999 _aE3230
_c3226
_d3226